[Event "Michigan Open Reserve"]
[Site "Lansing, MI"]
[Date "2001.09.02"]
[Round "4.3"]
[White "Matias, I.C."]
[Black "McCarter, Robert"]
[Result "1/2-1/2"]
[WhiteElo "1606"]
[BlackElo "1600"]
[PlyCount "50"]
[EventDate "2001.08.31"]

1. d4 d5 2. c4 e6 3. Nc3 Be7 4. Nf3 Nf6 5. Bg5 O-O 6. e3 h6 7. Bf4 b6 8. Rc1
dxc4 9. Bxc4 Nh5 10. Bg3 Bb7 11. O-O Nxg3 12. hxg3 c5 13. Qe2 cxd4 14. exd4 Nd7
15. Rfe1 Bb4 16. a3 Bxc3 17. Rxc3 Nf6 18. Qd3 Qd6 19. Ne5 Rfd8 20. Nxf7 Qc6 21.
f3 Kxf7 22. Bxe6+ Qxe6 23. Rc7+ Qd7 24. Rxd7+ Rxd7 25. Qf5 Rad8 1/2-1/2

[Event "Michigan Open"]
[Site "Lansing, MI"]
[Date "2001.09.02"]
[Round "5.8"]
[White "Mankiewicz, Ryan"]
[Black "Henke, Richard"]
[Result "1-0"]
[WhiteElo "2095"]
[BlackElo "1852"]
[PlyCount "145"]
[EventDate "2001.08.31"]

1. e4 c5 2. c3 d5 3. exd5 Qxd5 4. d4 Nf6 5. Nf3 Bg4 6. Be2 e6 7. O-O Be7 8. Be3
cxd4 9. Nxd4 Bxe2 10. Qxe2 a6 11. Nd2 Nc6 12. Nc4 Nxd4 13. Bxd4 Qh5 14. Qxh5
Nxh5 15. Rad1 O-O 16. Bb6 Nf6 17. g3 Nd5 18. Bd4 b5 19. Ne5 Rac8 20. Rd3 Bf6
21. Ng4 Bxd4 22. Rxd4 h6 23. Rfd1 Rc7 24. Ne3 Nxe3 25. fxe3 Rfc8 26. a3 Kf8 27.
Kf2 Rc4 28. Ke2 R8c6 29. Rd7 Rc7 30. R1d6 Rxd7 31. Rxd7 Rc6 32. Kd3 Ke8 33. Ra7
g5 34. h4 f5 35. b3 gxh4 36. gxh4 e5 37. Rg7 Rd6+ 38. Kc2 f4 39. exf4 exf4 40.
Rg2 Kf7 41. Rf2 Rf6 42. Kd3 Kg6 43. Ke4 Rc6 44. Rc2 Rf6 45. c4 bxc4 46. bxc4 f3
47. Rf2 Rc6 48. Kd5 Rf6 49. c5 Kf7 50. Ke4 Ke7 51. Rxf3 Re6+ 52. Kd4 Kd7 53.
Rf7+ Kc6 54. Ra7 Re1 55. Rxa6+ Kc7 56. Rxh6 Rd1+ 57. Kc4 Rc1+ 58. Kb5 Rb1+ 59.
Ka5 Rc1 60. c6 Ra1 61. a4 Rb1 62. Ka6 Rb6+ 63. Ka7 Rb4 64. a5 Rb1 65. a6 Rb2
66. h5 Rb1 67. Rg6 Rh1 68. h6 Rh2 69. Rg7+ Kxc6 70. h7 Rh1 71. Kb8 Rh5 72. Kc8
Rh1 73. a7 1-0

[Event "Michigan Open"]
[Site "Lansing, MI"]
[Date "2001.09.02"]
[Round "3.44"]
[White "Mankiewicz, Ryan"]
[Black "Davidovich, Manis"]
[Result "1/2-1/2"]
[WhiteElo "2095"]
[BlackElo "1957"]
[PlyCount "58"]
[EventDate "2001.08.31"]

1. Nc3 Nf6 2. e4 d5 3. exd5 Nxd5 4. h3 c5 5. Nf3 Nc6 6. a3 a6 7. Bc4 Nxc3 8.
bxc3 b5 9. Ba2 c4 10. d3 Na5 11. Be3 Bf5 12. Nd4 Bg6 13. dxc4 bxc4 14. Qf3 Rc8
15. Rb1 e6 16. Nxe6 fxe6 17. Bb6 Qd6 18. Bxa5 Qe5+ 19. Qe3 Qxe3+ 20. fxe3 Bxa3
21. Bb4 Bxb4 22. Rxb4 O-O 23. Bxc4 Rc6 24. Bb3 Rxc3 25. Kd2 Rc6 26. Rf4 Rd8+
27. Rd4 Rf8 28. Rf4 Rxf4 29. exf4 Be4 1/2-1/2

[Event "Michigan Open Booster"]
[Site "Lansing, MI"]
[Date "2001.09.02"]
[Round "4.43"]
[White "Mahaffy, Mike"]
[Black "Zaremba, Anatoli"]
[Result "1-0"]
[WhiteElo "1137"]
[BlackElo "1061"]
[PlyCount "55"]
[EventDate "2001.08.31"]

1. e4 e5 2. f4 d6 3. Nf3 Nc6 4. Bb5 a6 5. Ba4 b5 6. Bb3 Bg4 7. O-O Nf6 8. d3
Nd4 9. fxe5 dxe5 10. Bxf7+ Kxf7 11. Nxe5+ Ke8 12. Nxg4 Nxg4 13. Qxg4 Nxc2 14.
Qh5+ Kd7 15. Qf5+ Kc6 16. Bg5 Qd4+ 17. Kh1 Bd6 18. Rc1 Qxd3 19. Qd5+ Qxd5 20.
exd5+ Kxd5 21. Rxc2 Rhf8 22. Nc3+ Ke6 23. Re2+ Kd7 24. Rd1 Rf5 25. Be7 Re8 26.
Bxd6 Rxe2 27. Nxe2 Rf2 28. Bg3+ 1-0

[Event "Michigan Open Booster"]
[Site "Lansing, MI"]
[Date "2001.09.02"]
[Round "2.41"]
[White "Mahaffy, Mike"]
[Black "Paulovich, Gerald"]
[Result "0-1"]
[WhiteElo "1137"]
[BlackElo "1199"]
[PlyCount "112"]
[EventDate "2001.08.31"]

1. e4 e6 2. f4 d5 3. exd5 exd5 4. Nf3 Nf6 5. Be2 c5 6. d4 Nc6 7. Bb5 Qe7+ 8.
Ne5 Nd7 9. Bxc6 bxc6 10. O-O Nxe5 11. dxe5 c4 12. Be3 Ba6 13. c3 Qb7 14. Qd2
Rb8 15. Rf2 Be7 16. f5 f6 17. exf6 Bxf6 18. Bc5 Qb5 19. Qe3+ Kd7 20. Qe6+ Kd8
21. Qd6+ Kc8 22. Re2 Rd8 23. Qe6+ Kc7 24. Qf7+ Kc8 25. Bd6 Qb6+ 26. Kh1 Rb7 27.
Qe6+ Rbd7 28. Na3 Kb7 29. Rb1 Rxd6 30. Qf7+ R6d7 31. Qe6 Kc7 32. b4 Re7 33.
Qxe7+ Bxe7 34. Rxe7+ Rd7 35. Rbe1 Bc8 36. Rxd7+ Kxd7 37. Nc2 Qf2 38. Rc1 Qd2
39. Rf1 Qxc2 40. h3 Qxa2 41. Kh2 Kd6 42. f6 gxf6 43. Rxf6+ Ke5 44. Rxc6 Bxh3
45. Kxh3 Qa4 46. Rc7 Kd6 47. Rxh7 Qc2 48. Rh6+ Ke5 49. Rh5+ Ke4 50. Rh4+ Ke3
51. Rh5 Qxc3 52. g3 Kd2 53. Rxd5+ Kc2 54. Kh4 Qh8+ 55. Kg5 Qg8+ 56. Kf4 Qxd5
0-1

[Event "Michigan Open Reserve"]
[Site "Lansing, MI"]
[Date "2001.09.02"]
[Round "4.10"]
[White "Lynem, Charles"]
[Black "Katsuhara, Osamu"]
[Result "1-0"]
[WhiteElo "1585"]
[BlackElo "1308"]
[PlyCount "41"]
[EventDate "2001.08.31"]

1. d4 d5 2. Nf3 Nf6 3. e3 e6 4. Bd3 c5 5. c3 Nbd7 6. Nbd2 Be7 7. O-O O-O 8. Qe2
Re8 9. e4 dxe4 10. Nxe4 Nxe4 11. Bxe4 Nf6 12. Bc2 b6 13. Bg5 cxd4 14. Rad1 Qc7
15. Bxf6 Bxf6 16. Qe4 g6 17. Qxa8 dxc3 18. bxc3 Qxc3 19. Bb3 Rf8 20. Rc1 Qa5
21. Rxc8 1-0

[Event "Michigan Open"]
[Site "Lansing, MI"]
[Date "2001.09.02"]
[Round "5.9"]
[White "Loo, James"]
[Black "Dodaj, Gjergj"]
[Result "1/2-1/2"]
[WhiteElo "1568"]
[BlackElo "1926"]
[PlyCount "102"]
[EventDate "2001.08.31"]

1. c4 Nf6 2. Nc3 e6 3. g3 Be7 4. Bg2 O-O 5. Qc2 d5 6. cxd5 exd5 7. d4 c6 8. Nf3
Nbd7 9. O-O Re8 10. Ng5 Nf8 11. Bd2 Ng6 12. Rae1 Ng4 13. Nf3 Be6 14. h3 Nf6 15.
Ng5 Bd7 16. e4 dxe4 17. Ngxe4 Nxe4 18. Nxe4 Be6 19. Be3 Bd5 20. f4 f5 21. Nc3
Bxg2 22. Kxg2 Qd7 23. Qb3+ Kh8 24. Kh2 Rad8 25. Rd1 Bf6 26. Bf2 Ne7 27. Qf7 Nd5
28. Qxd7 Rxd7 29. Rfe1 Red8 30. Rd2 Kg8 31. Red1 Kf7 32. Kg2 Nc7 33. Be3 Nd5
34. Nxd5 Rxd5 35. Kf3 a6 36. Ke2 h5 37. h4 g6 38. Kf3 c5 39. dxc5 Rxd2 40. Rxd2
Rxd2 41. Bxd2 Ke6 42. b3 Kd5 43. Bb4 Bd4 44. a3 Bxc5 45. Bxc5 Kxc5 46. Ke3 a5
47. Kd3 a4 48. bxa4 Kd5 49. a5 Kc5 50. a6 bxa6 51. Kc3 a5 1/2-1/2

[Event "Michigan Open Reserve"]
[Site "Lansing, MI"]
[Date "2001.09.02"]
[Round "4.9"]
[White "Livschitz, Louiza"]
[Black "Hershberger, Kent"]
[Result "1/2-1/2"]
[WhiteElo "1602"]
[BlackElo "1463"]
[PlyCount "125"]
[EventDate "2001.08.31"]

1. d4 Nf6 2. c4 e6 3. Nc3 Bb4 4. e3 c5 5. Nf3 cxd4 6. Nxd4 Bxc3+ 7. bxc3 Qa5 8.
Qb3 Nc6 9. Ba3 Nxd4 10. exd4 Ne4 11. Bd3 Qxc3+ 12. Qxc3 Nxc3 13. Bc2 b5 14. Kd2
Na4 15. Be4 Rb8 16. Bd6 Rb6 17. Bc7 bxc4 18. Bxb6 Nxb6 19. Rhe1 d5 20. Bc2 Ke7
21. Rab1 Kd6 22. Re3 Nd7 23. f4 Nf6 24. Kc3 Ng4 25. Rg3 Nf6 26. Rxg7 Ke7 27.
Rb8 Ne4+ 28. Kb4 Kf6 29. Rg4 h5 30. Rh4 Kf5 31. g4+ Kxf4 32. Rxh5 Rg8 33. Bxe4
dxe4 34. Rc5 e3 35. Kc3 Kf3 36. Rb1 Kf2 37. h3 f6 38. Kc2 Rd8 39. Kc3 e2 40.
Rb2 Ke3 41. Rxe2+ Kxe2 42. Rxc4 Bb7 43. Rc7 Rc8 44. Rxc8 Bxc8 45. h4 Bb7 46. g5
fxg5 47. hxg5 Be4 48. Kc4 Kf3 49. Kc5 Kf4 50. Kd6 Kxg5 51. Kxe6 Kf4 52. d5 a5
53. Kd6 a4 54. Kc5 Ke5 55. Kb4 Bc2 56. Kc3 Bd1 57. Kb2 Kxd5 58. Ka1 Kc4 59. Kb2
Kd3 60. Kb1 Kc3 61. Ka1 Be2 62. Kb1 a3 63. Ka1 1/2-1/2

[Event "Michigan Open Booster"]
[Site "Lansing, MI"]
[Date "2001.09.02"]
[Round "2.43"]
[White "Lee, Pat"]
[Black "Gattinger, John"]
[Result "0-1"]
[WhiteElo "1006"]
[BlackElo "1192"]
[PlyCount "62"]
[EventDate "2001.08.31"]

1. e4 c6 2. d4 d5 3. exd5 cxd5 4. Bb5+ Nc6 5. Nf3 Bg4 6. Nc3 e6 7. O-O Bd6 8.
Be3 Nf6 9. Bd3 Qb6 10. b3 Bxf3 11. Qxf3 Nxd4 12. Bxd4 Qxd4 13. Nb5 Qb6 14. Qe3
Bc5 15. Qe5 O-O 16. Qc7 Qxc7 17. Nxc7 Rac8 18. Nb5 d4 19. a4 Nd5 20. Be4 Rfd8
21. Rfd1 e5 22. g3 a6 23. Na3 Nc3 24. Re1 Nxe4 25. Rxe4 Bxa3 26. Rxa3 Rxc2 27.
Rxe5 Rc1+ 28. Kg2 d3 29. b4 d2 30. Rd3 d1=Q 31. Rxd1 Rcxd1 0-1

[Event "Michigan Open Reserve"]
[Site "Lansing, MI"]
[Date "2001.09.02"]
[Round "5.10"]
[White "Laurin, Edward"]
[Black "Vorhauer, Sam"]
[Result "1-0"]
[WhiteElo "1551"]
[BlackElo "1392"]
[Annotator "David Moody"]
[PlyCount "59"]
[EventDate "2001.08.31"]

1. e4 e6 2. d4 d5 3. exd5 exd5 4. Bf4 Bd6 5. Qd2 Nf6 6. Bd3 b6 7. Nc3 c6 8. Nf3
Qc7 9. Bxd6 Qxd6 10. O-O O-O 11. Rfe1 Be6 12. Ne2 Nbd7 13. Nf4 h6 $2 {
Irrelevant at best. It might be more important to avoid creating weaknesses in
balanced positions, since you are less like to have compensation elsewhere.}
14. Nxe6 fxe6 {DIAGRAM Now, here is the key moment. Obviously, white's plan
will be to gang up on the e-pawn. This can be done directly by pressure on the
e-file, or indirectly by bothering its defenders. Laurin finds an even more
indirect method.} 15. Bg6 $1 {Attacking the shadow of the rook! Unable to
defend the e-pawn with his rooks, black soon panics. The rest of the game is
not interesting.} Rad8 {The best chance seems to be 15...Rfd8 and 16...Nf8,
but white's position remains superior.} 16. Qe3 Ne4 17. Bxe4 dxe4 18. Qxe4 Rf6
19. Ne5 Nb8 20. c3 Rdf8 21. f3 Qd5 22. Ng4 R6f7 23. Qxe6 Qb5 24. Ne5 c5 25.
Nxf7 Rxf7 26. Qe8+ Qxe8 27. Rxe8+ Kh7 28. Rxb8 cxd4 29. cxd4 Rc7 30. d5 1-0

[Event "Michigan Open Reserve"]
[Site "Lansing, MI"]
[Date "2001.09.02"]
[Round "2.44"]
[White "Laurin, Edward"]
[Black "Swathell, Gary"]
[Result "1-0"]
[WhiteElo "1551"]
[BlackElo "1570"]
[PlyCount "93"]
[EventDate "2001.08.31"]

1. e4 d6 2. d4 Nf6 3. Nc3 g6 4. Be3 Bg7 5. Nf3 O-O 6. Qd2 Ng4 7. h3 Nxe3 8.
Qxe3 b6 9. Bc4 Ba6 10. Bxa6 Nxa6 11. Ne2 c5 12. c3 cxd4 13. cxd4 Rc8 14. O-O
Nb4 15. Qd2 a5 16. a3 Nc6 17. d5 Ne5 18. Nxe5 Bxe5 19. Rac1 Qd7 20. Nd4 Qa4 21.
Nc6 Bf6 22. Qc2 Qb5 23. a4 Qc5 24. Qxc5 dxc5 25. Rc2 Rfe8 26. Na7 Rb8 27. Nb5
Kg7 28. f4 Kf8 29. e5 Bg7 30. Rd1 Red8 31. Rcd2 h6 32. g3 g5 33. Kg2 Rbc8 34.
Na7 Rc7 35. Nc6 Rdc8 36. f5 e6 37. f6 Bh8 38. dxe6 fxe6 39. Rd8+ Kf7 40. R1d7+
Rxd7 41. Rxd7+ Kg6 42. Ne7+ Kh5 43. Nxc8 Bxf6 44. exf6 Kg6 45. f7 e5 46. f8=Q
e4 47. Qf7# 1-0

[Event "Michigan Open Reserve"]
[Site "Lansing, MI"]
[Date "2001.09.02"]
[Round "3.41"]
[White "Laurin, Edward"]
[Black "Kuhn, Tim"]
[Result "1-0"]
[WhiteElo "1551"]
[BlackElo "1672"]
[PlyCount "65"]
[EventDate "2001.08.31"]

1. e4 d6 2. d4 Nf6 3. Nc3 g6 4. Be3 Bg7 5. Qd2 Ng4 6. Bc4 O-O 7. Bg5 c6 8. Nf3
Be6 9. d5 cxd5 10. Bxd5 Nc6 11. Bxe6 fxe6 12. h3 Nge5 13. Nxe5 Nxe5 14. Qe2 Qb6
15. Nd1 Rac8 16. Bxe7 Rf7 17. Bg5 Nc4 18. Be3 Nxe3 19. Qxe3 Bd4 20. Qd2 Qc5 21.
O-O Qe5 22. c3 Bb6 23. Qd3 d5 24. exd5 Bc7 25. g3 Rd8 26. Ne3 exd5 27. Ng4 Qh5
28. Kg2 Rdf8 29. Rad1 Bb6 30. Qxd5 Qxd5+ 31. Rxd5 Kg7 32. f4 h5 33. Ne5 {End
of scoresheet.} 1-0

[Event "Michigan Open"]
[Site "Lansing, MI"]
[Date "2001.09.02"]
[Round "4.11"]
[White "LaForge, Tom"]
[Black "Sanetullaev, Alisher"]
[Result "0-1"]
[WhiteElo "1944"]
[BlackElo "1837"]
[PlyCount "112"]
[EventDate "2001.08.31"]

1. e4 c5 2. Nf3 d6 3. d4 cxd4 4. Nxd4 Nf6 5. Nc3 a6 6. g3 g6 7. Bg2 Bg7 8. O-O
O-O 9. h3 Nc6 10. Nde2 Rb8 11. Be3 Re8 12. Qd2 Ne5 13. b3 Bxh3 14. f3 Bxg2 15.
Kxg2 Rc8 16. Rh1 e6 17. Rad1 d5 18. Bf4 Nc6 19. e5 Nd7 20. Bg5 Qc7 21. f4 f6
22. Nxd5 exd5 23. Qxd5+ Kf8 24. Rxh7 Nb6 25. Qd3 fxg5 26. Qxg6 gxf4 27. Nxf4
Qxe5 28. Rxg7 Qxg7 29. Ne6+ Rxe6 30. Rf1+ Rf6 31. Rxf6+ Kg8 32. Qf5 Nd4 33. Qe5
Qg4 34. c4 Qe2+ 35. Qxe2 Nxe2 36. Rxb6 Rc7 37. Kf3 Re7 38. Rd6 Nc3 39. Rd2 Kf7
40. Rc2 Ne4 41. c5 Ng5+ 42. Kg4 Kg6 43. Rc4 Re4+ 44. Rxe4 Nxe4 45. Kf4 Nxc5 46.
Ke5 Nd3+ 47. Kd6 Nc1 48. Kc7 b5 49. Kb6 Nxa2 50. Kxa6 b4 51. Kb5 Kg5 52. Kc4
Kg4 53. Kd3 Kxg3 54. Ke3 Nc3 55. Kd3 Kf2 56. Kd2 Kf1 0-1

[Event "Michigan Open Reserve"]
[Site "Lansing, MI"]
[Date "2001.09.02"]
[Round "2.43"]
[White "Kuhn, Tim"]
[Black "Raban, David"]
[Result "1-0"]
[WhiteElo "1672"]
[BlackElo "1538"]
[PlyCount "63"]
[EventDate "2001.08.31"]

1. e4 e6 2. d4 d5 3. exd5 exd5 4. Nf3 Nf6 5. Bf4 Nc6 6. Bd3 Bg4 7. c3 Bd6 8.
Bg3 O-O 9. O-O Ne7 10. Nbd2 c6 11. Qc2 Ng6 12. Ne5 Re8 13. f4 Qc7 14. Ndf3 Bxf3
15. Rxf3 Nh5 16. Raf1 Nxg3 17. Rxg3 Nf8 18. Rh3 h6 19. Qf2 c5 20. Ng4 Re6 21.
f5 Re4 22. Bxe4 dxe4 23. f6 Ne6 24. fxg7 Bf4 25. Rxh6 Kxg7 26. Rxe6 Bxh2+ 27.
Kh1 fxe6 28. Qf6+ Kg8 29. Qxe6+ Kh8 30. Rf7 Qd6 31. Qxd6 Bxd6 32. Nf6 1-0

[Event "Michigan Open"]
[Site "Lansing, MI"]
[Date "2001.09.02"]
[Round "1.43"]
[White "Kriseler, Mark"]
[Black "Hahn, David"]
[Result "0-1"]
[WhiteElo "1952"]
[BlackElo "2162"]
[Annotator "David Hahn"]
[PlyCount "32"]
[EventDate "2001.08.31"]

{van't Kruijs White is more interested in getting off the beaten path than
striving for an advantage. Black quickly gets the upper hand. Then a tactical
oversight by white brings the game to an abrupt end.} 1. e3 {Unambitious. I
thought extra space was an advantage in chess.} g6 2. b3 $6 ({White should play
} 2. c4 {Here, he gets a cramped and inferior version of Larsen's Opening 1.b3,
where white has not gotten in c4.}) 2... Bg7 3. Nc3 e5 4. Bb2 d6 ({Also good is
} 4... d5 {, of course.}) 5. Nf3 Nf6 {Black has a very favorable King's Indian
position.} 6. Qe2 $6 {The queen is not well-placed here.} c6 7. O-O-O b5 8. d4
e4 9. Nd2 d5 {Now white's king-side is snarled up and black has more space.}
10. f3 {His only pawnbreak.} exf3 11. Nxf3 Nbd7 12. e4 dxe4 13. Nxe4 O-O {Time
to leave the center.} 14. Ne5 $4 ({White should play} 14. Nxf6+ {, though he
is worse. He is now lost by force.}) 14... Nxe4 15. Qxe4 Nxe5 16. dxe5 Bh6+ {
It is true that the white rook attacks the black queen, but the queen also
attacks the rook. Now the white king is displaced from defending the Rd1.} 0-1

[Event "Michigan Open"]
[Site "Lansing, MI"]
[Date "2001.09.02"]
[Round "3.45"]
[White "Kriseler, Mark"]
[Black "Decker, Dale"]
[Result "1/2-1/2"]
[WhiteElo "1952"]
[BlackElo "1852"]
[PlyCount "29"]
[EventDate "2001.08.31"]

1. e3 g6 2. b3 Bg7 3. Nc3 Nf6 4. Bb2 O-O 5. f4 d5 6. Nf3 Nc6 7. Bb5 d4 8. exd4
Nxd4 9. Nxd4 Qxd4 10. Qf3 Bg4 11. Qe3 Qxe3+ 12. dxe3 Ne4 13. Nxe4 Bxb2 14. Rb1
Bg7 15. h3 1/2-1/2

[Event "Michigan Open Reserve"]
[Site "Lansing, MI"]
[Date "2001.09.02"]
[Round "4.7"]
[White "Kieliszewski, Greg"]
[Black "Christiansen, Jeremy"]
[Result "1/2-1/2"]
[WhiteElo "1394"]
[BlackElo "1613"]
[PlyCount "101"]
[EventDate "2001.08.31"]

1. e4 c5 2. Nf3 e6 3. d4 cxd4 4. Nxd4 a6 5. Nc3 Qc7 6. Bd3 Nc6 7. Nf3 Nf6 8.
O-O Be7 9. Re1 d6 10. Bg5 O-O 11. a3 Rd8 12. Qe2 b5 13. Rad1 Bb7 14. h3 Rac8
15. Be3 Na5 16. Rc1 Nc4 17. Bxc4 Qxc4 18. Qxc4 Rxc4 19. Nd2 Rcc8 20. Nf3 d5 21.
exd5 Nxd5 22. Nxd5 Rxd5 23. c3 e5 24. Bg5 Bxg5 25. Nxg5 f6 26. Nf3 Rd3 27. Re3
Rxe3 28. fxe3 Kf7 29. Rd1 Ke7 30. Kf2 Rd8 31. Rxd8 Kxd8 32. Nd2 Kd7 33. c4 bxc4
34. Nxc4 Ke6 35. Nd2 Kd5 36. g3 Kc5 37. g4 Bd5 38. Kg3 a5 39. b3 g6 40. Kf2 f5
41. gxf5 gxf5 42. Kg3 Kd6 43. Kh4 f4 44. exf4 exf4 45. Kg4 f3 46. Kg3 Kc5 47.
b4+ axb4 48. axb4+ Kxb4 49. Nxf3 Kc5 50. Ng5 h6 51. Kh4 1/2-1/2

[Event "Michigan Open Reserve"]
[Site "Lansing, MI"]
[Date "2001.09.02"]
[Round "5.14"]
[White "Katsuhara, Osamu"]
[Black "Moroney, Timothy"]
[Result "1/2-1/2"]
[WhiteElo "1308"]
[BlackElo "1581"]
[PlyCount "78"]
[EventDate "2001.08.31"]

1. e4 e5 2. Nf3 Nc6 3. Bb5 Bc5 4. O-O Nf6 5. d3 d6 6. h3 h6 7. Re1 O-O 8. c3 a6
9. Ba4 b5 10. Bc2 Bb7 11. Nbd2 Re8 12. Nf1 d5 13. Ng3 Qd7 14. a4 b4 15. c4 dxc4
16. dxc4 a5 17. Qe2 Nd4 18. Nxd4 exd4 19. Bd3 Bd6 20. f4 c5 21. Qf2 Bc7 22. b3
Ra6 23. Bd2 Qd8 24. Re2 Rae6 25. Rae1 Ra6 26. Nf5 Bc8 27. Ng3 Bb7 28. e5 Nh7
29. Nh5 Nf8 30. Qg3 Ng6 31. f5 Qh4 32. fxg6 Qxh5 33. gxf7+ Qxf7 34. Rf2 Qe7 35.
Bf4 Bd8 36. Qg4 Bc8 37. Qf3 Bb7 38. Qg4 Bc8 39. Qf3 Bb7 {[Rated at 2. White
was actually doing a fair job of building things up; if he had found 33. e6!!,
the game would probably be a 4. (In fact, if you ever have a column for missed
opportunities, this would be perfect.) Otherwise, it's kind of boring. Black
might have tried 30..Rg6.]} 1/2-1/2

[Event "Michigan Open"]
[Site "Lansing, MI"]
[Date "2001.09.02"]
[Round "5.4"]
[White "Karpf, Ari"]
[Black "Palmer, Tony"]
[Result "1/2-1/2"]
[WhiteElo "2139"]
[BlackElo "2051"]
[PlyCount "49"]
[EventDate "2001.08.31"]

1. e4 e5 2. Nf3 Nc6 3. Bb5 a6 4. Ba4 Nf6 5. O-O Nxe4 6. Re1 Nc5 7. Nc3 Be7 8.
Nd5 O-O 9. Bxc6 dxc6 10. Nxe7+ Qxe7 11. Nxe5 Ne6 12. d3 Rd8 13. Bd2 Bd7 14. Bc3
Be8 15. Qg4 Qg5 16. Qxg5 Nxg5 17. h4 Ne6 18. Re3 Nf4 19. Bd2 f6 20. Nc4 Nd5 21.
Re2 c5 22. Rae1 h6 23. f3 Bc6 24. Kf2 Kf7 25. g3 1/2-1/2

[Event "Michigan Open"]
[Site "Lansing, MI"]
[Date "2001.09.02"]
[Round "3.47"]
[White "Jones, Gary"]
[Black "Smith, Walt"]
[Result "0-1"]
[WhiteElo "1774"]
[BlackElo "1940"]
[PlyCount "85"]
[EventDate "2001.08.31"]

1. e4 c5 2. Nc3 Nf6 3. f4 d5 4. e5 d4 5. Bb5+ Bd7 6. Bxd7+ Qxd7 7. exf6 dxc3 8.
fxg7 cxd2+ 9. Qxd2 Bxg7 10. Nf3 O-O 11. O-O Rd8 12. Qe2 Nc6 13. c3 Qd3 14. Qe3
b6 15. Bd2 Qc2 16. Rab1 Rd6 17. Rfc1 Qa4 18. a3 Rad8 19. Be1 Rd3 20. Qe2 Qxf4
21. Bf2 Bh6 22. Rf1 e5 23. Ne1 Rd2 24. Qb5 Qe4 25. Ra1 Be3 26. Bxe3 Qxe3+ 27.
Kh1 R8d6 28. Nf3 Qe2 29. Qxe2 Rxe2 30. Rab1 e4 31. Nh4 Ne7 32. Rfe1 Rdd2 33.
Rxe2 Rxe2 34. Kg1 f5 35. Kf1 Rc2 36. Ke1 Kf7 37. Rd1 Ke6 38. Rd2 Rxd2 39. Kxd2
Ng6 40. Nxg6 hxg6 41. b4 g5 42. Ke3 Kd5 43. g3 0-1

[Event "Michigan Open"]
[Site "Lansing, MI"]
[Date "2001.09.02"]
[Round "1.45"]
[White "Jones, Gary"]
[Black "Gabbara, Faris"]
[Result "0-1"]
[WhiteElo "1774"]
[BlackElo "2053"]
[PlyCount "84"]
[EventDate "2001.08.31"]

1. e4 e5 2. f4 d5 3. exd5 e4 4. d3 Nf6 5. Nc3 Bb4 6. Bd2 Qe7 7. dxe4 Nxe4 8.
Qe2 Nxd2 9. Qxe7+ Kxe7 10. Kxd2 Rd8 11. Re1+ Kf8 12. Bc4 c6 13. a3 Bxc3+ 14.
Kxc3 cxd5 15. Rd1 Be6 16. f5 d4+ 17. Rxd4 Rxd4 18. Kxd4 Nc6+ 19. Kc3 Bxf5 20.
Bd3 Bxd3 21. Kxd3 Rd8+ 22. Ke3 Rd1 23. Ke2 Rb1 24. b3 b5 25. h4 Nd4+ 26. Kd3
Ne6 27. g3 Ke7 28. Ke3 Kd6 29. a4 bxa4 30. bxa4 Kd5 31. Kd3 Nc5+ 32. Ke2 Nxa4
33. Kf2 Rc1 34. Rh3 Rxc2+ 35. Ke3 Nb6 36. Nf3 f6 37. h5 a5 38. Rh1 Nc4+ 39. Kd3
Rg2 40. Rh3 Ne5+ 41. Nxe5 Kxe5 42. Kc4 Kf5 0-1

[Event "Michigan Open"]
[Site "Lansing, MI"]
[Date "2001.09.02"]
[Round "5.6"]
[White "Jarosz, Stan"]
[Black "Garrison, Ray"]
[Result "1-0"]
[WhiteElo "2039"]
[BlackElo "1887"]
[PlyCount "55"]
[EventDate "2001.08.31"]

1. d4 f5 2. Nc3 d5 3. Bg5 Nf6 4. Bxf6 exf6 5. e3 c6 6. Bd3 Bd6 7. Qf3 g6 8.
Nge2 Nd7 9. h3 Nf8 10. g4 fxg4 11. hxg4 Be6 12. O-O-O Be7 13. Nf4 Bf7 14. e4
dxe4 15. Bxe4 Qd7 16. d5 c5 17. d6 Bxd6 18. Bxb7 Bxf4+ 19. Kb1 Qc7 20. Bxa8 Be5
21. Bc6+ Ke7 22. Rhe1 Be6 23. Nd5+ Bxd5 24. Qxd5 Qb6 25. Rxe5+ fxe5 26. Qxe5+
Kf7 27. Bd5+ Ne6 28. Qxh8 1-0

[Event "Michigan Open Reserve"]
[Site "Lansing, MI"]
[Date "2001.09.02"]
[Round "5.23"]
[White "Hubbell, William"]
[Black "Grzegorczyk, Ron"]
[Result "0-1"]
[WhiteElo "1128"]
[BlackElo "1511"]
[PlyCount "76"]
[EventDate "2001.08.31"]

1. d4 d5 2. Nf3 g6 3. c4 c6 4. e3 Bg7 5. Be2 Nf6 6. O-O O-O 7. c5 Bf5 8. Nbd2
Nbd7 9. b3 Re8 10. Nh4 e5 11. Nxf5 gxf5 12. g3 e4 13. a4 Kh8 14. f3 Rg8 15.
fxe4 fxe4 16. Ba3 Bh6 17. Rxf6 Qxf6 18. Nf1 Nf8 19. Bh5 Ne6 20. Qe2 Ng5 21. Bg4
Qg7 22. Kg2 Raf8 23. Bc1 f5 24. Bh3 Qg6 25. Ra2 Bg7 26. Qf2 Rf6 27. Qf4 Rgf8
28. Qh4 Nf3 29. Qf4 Qh5 30. Rf2 Bh6 31. Qc7 R6f7 32. Qd6 Ne1+ 33. Kg1 Qxh3 34.
Qe5+ Bg7 35. Bd2 Nf3+ 36. Rxf3 exf3 37. Qxg7+ Rxg7 38. e4 Qg2# {[Rated at 2.
One of those miniature golf games. You know, putz, putz, putz... Although you
must admire Black's nonchalance at the end, ignoring the hanging White queen
and going straight for mate.]} 0-1

[Event "Michigan Open Reserve"]
[Site "Lansing, MI"]
[Date "2001.09.02"]
[Round "5.17"]
[White "Homa, Seth"]
[Black "Nicolli, Randy"]
[Result "1-0"]
[WhiteElo "1551"]
[BlackElo "1706"]
[PlyCount "59"]
[EventDate "2001.08.31"]

1. e4 d6 2. d4 Nf6 3. Nc3 g6 4. f4 Bg7 5. Nf3 c5 6. dxc5 Qa5 7. Bd2 Qxc5 8. Qe2
Bg4 9. h3 Bxf3 10. Qxf3 Nc6 11. Bb5 O-O 12. Bxc6 Qxc6 13. O-O-O Rac8 14. Qd3
Nd7 15. Rhe1 Nc5 16. Qd5 Qd7 17. e5 Na4 18. Nxa4 Qxa4 19. Qb3 Qa6 20. Kb1 Rc4
21. exd6 exd6 22. Bb4 Rxf4 23. Bxd6 Rf2 24. Bxf8 Bxf8 25. g4 h6 26. a3 Bg7 27.
Re8+ Kh7 28. Re7 Qf6 29. Rdd7 Rf1+ 30. Ka2 {[Rated at 2. Nothing much happens
until Black hangs the exchange, then falls apart from sheer disgust. It gets a
2 only because White finishes efficiently.]} 1-0

[Event "Michigan Open Reserve"]
[Site "Lansing, MI"]
[Date "2001.09.02"]
[Round "5.24"]
[White "Holden, Anthony"]
[Black "Walker, Justin"]
[Result "1-0"]
[WhiteElo "1503"]
[BlackElo "1372"]
[PlyCount "51"]
[EventDate "2001.08.31"]

1. d4 d5 2. e3 b6 3. Bd3 Nf6 4. Nd2 g6 5. c3 Bg7 6. e4 e6 7. e5 Nfd7 8. h4 h5
9. Ndf3 f6 10. Bxg6+ Ke7 11. exf6+ Bxf6 12. Ne5 Qg8 13. Bxh5 Qxg2 14. Ng6+ Kd8
15. Qf3 Qxf3 16. Bxf3 Rg8 17. h5 Nc6 18. Nh3 e5 19. Bxd5 Re8 20. Bxc6 exd4+ 21.
Kf1 Ba6+ 22. Kg2 Rc8 23. cxd4 Bxd4 24. Bg5+ Bf6 25. Bxf6+ Nxf6 26. Rad1+ {
[Rated at 1. The sort of game that drove me to retire in the first place.]} 1-0